000 00892nam a2200229 a 4500
001 79432
003 BD-RjUL
005 20220220130326.0
008 220220s2017 bg ||||| |||| 00| 0 ben d
020 _a9847000003126
_c:Tk.150.00
035 _a(BD-RjUL)79432
040 _aBD-RjUL
_beng
_cBD-RjUL
041 _aben
082 _223
_a172.2
_bKHA 2017
100 _aখান, গালিব আহসান
_91506
245 _aপ্রশাসনিক নীতিবিদ্যা /
_cগালিব আহসান খান
260 _aঢাকা :
_bজাতীয় সাহিত্য প্রকাশ,
_c২০১৭
300 _a৮৮ পৃ. ;
_c২২ সেমি.
650 _aজনপ্রশাসন
_xনৈতিক এবং নৈতিক দিক
_91507
650 _aPublic administration
_xMoral and ethical aspects
_91508
942 _2ddc
_cBK
999 _c79432
_d79432